Cours de langue latine, à l'aide duquel on peut apprendre cette langue chez soi, sans maître, et en deux ou trois mois de lecture / (Record no. 158235)
[ view plain ]
| 000 -LEADER | |
|---|---|
| campo de control de longitud fija | 00963nam a2200217 i 4500 |
| 001 - NÚMERO DE CONTROL | |
| campo de control | 158235 |
| 003 - IDENTIFICADOR DE NÚMERO DE CONTROL | |
| campo de control | ES-MaACL |
| 005 - FECHA Y HORA DE LA ÚLTIMA TRANSACCIÓN | |
| campo de control | 20230906211052.0 |
| 008 - DATOS DE LONGITUD FIJA--INFORMACIÓN GENERAL | |
| campo de control de longitud fija | 040830m17871789fr |||| | fre d |
| 080 ## - NÚMERO DE LA CLASIFICACIÓN DECIMAL UNIVERSAL | |
| Número de la Clasificación Decimal Universal | 811.124(075.4) |
| 100 1# - ENTRADA PRINCIPAL--NOMBRE DE PERSONA | |
| Nombre de persona | Luneau de Boisjermain, Pierre Joseph François. |
| 9 (RLIN) | 129145 |
| 245 10 - MENCIÓN DEL TÍTULO | |
| Título | Cours de langue latine, à l'aide duquel on peut apprendre cette langue chez soi, sans maître, et en deux ou trois mois de lecture / |
| Mención de responsabilidad, etc. | par M. Luneau de Boisjermain. Poésie... |
| 260 ## - PUBLICACIÓN, DISTRIBUCIÓN, ETC. | |
| Lugar de publicación, distribución, etc. | A Paris : |
| Nombre del editor, distribuidor, etc. | Rue Sain André des Arts, nº 45, |
| Fecha de publicación, distribución, etc. | 1787-1789. |
| 300 ## - DESCRIPCIÓN FÍSICA | |
| Extensión | 4 v. (XV, 367 p. ; VIII, 347 p. ; [2], 397 p. ; 439 p. ; |
| Dimensiones | 21 cm. |
| 594 ## - Nota al título y mención de responsabilidad | |
| Nota al título y mención de responsabilidad | Autor precede a la mención de parte. |
| 597 ## - NOTA DE DESCRIPCIÓN FÍSICA | |
| NOTA DE DESCRIPCIÓN FÍSICA | Sign.: []4, b4, A-2Z4 ; a4, A-24, 2X2 ; []1, A-2B4, 2C3, 3D4 ; A-3I4. |
| 597 ## - NOTA DE DESCRIPCIÓN FÍSICA | |
| NOTA DE DESCRIPCIÓN FÍSICA | Antep. |
| 597 ## - NOTA DE DESCRIPCIÓN FÍSICA | |
| NOTA DE DESCRIPCIÓN FÍSICA | Port. con viñeta xil. |
| 650 #4 - PUNTO DE ACCESO ADICIONAL DE MATERIA--TÉRMINO DE MATERIA | |
| Término de materia o nombre geográfico como elemento de entrada | Lengua latina- |
| Subdivisión de forma | Métodos. |
| 9 (RLIN) | 162340 |
| 852 ## - LOCALIZACIÓN | |
| Ubicación | ES-MaACL |
| Número de control de estantería | R-1084-87 |
| Nota libre | - Enc. hol. |
| Encuadernación | Olim: G-9394-97 |
| Estatus retirado | Estado de pérdida | Estado de daño | No para préstamo | Colección | Biblioteca de origen | Biblioteca actual | Ubicación en estantería | Fecha de adquisición | Total de préstamos | Signatura topográfica completa | Código de barras | Visto por última vez | Precio de reemplazo | Tipo de ítem Koha |
|---|---|---|---|---|---|---|---|---|---|---|---|---|---|---|
| Libros del s. XVIII | Biblioteca del Ateneo de Madrid | Biblioteca del Ateneo de Madrid | Depósito | 17/01/2008 | R-1084-87 | 1165609 | 23/02/2023 | 23/02/2023 | Libro impreso antiguo |
